000 01150nmm a2200313 a 4500
001 ocm000882889
003 TR-IsHL
005 20201028143205.0
008 140118s2006 tu tur
007 cr cn
020 _a9789758683512
035 _a882889
_b(N$T)
050 0 4 _aHX376.7.A8
_bC463 2006
090 0 4 _aHX376.7.A8
_bC463 2006
100 1 _aÇelik, Mehmet
245 1 0 _aDünden damlalar
_h[electronic resource] /
_cMehmet Çelik ; yayına hazırlayan Sevinç Öztaş
250 _a1. basım.
260 _aİstanbul :
_bTÜSTAV,
_c2006
300 _a148 p.
650 4 _aPolitika ve Uluslararası İlişkiler
650 4 _aPolitics and International Relations
650 0 _aÇelik, Mehmet, 1952-
650 0 _aTürkiye Komünist Partisi
_x History
650 0 _aTürkiye Petrol, Kimya, Lastik İşçileri Sendikası
_x History
650 0 _aCommunists
_x Turkey
_x Biography
650 7 _aPOLITICAL SCIENCE / Political Ideologies / Communism, Post-Communism & Socialism
_2bisacsh
700 1 _aÖztaş, Sevinç
856 4 0 _uhttp://search.ebscohost.com/login.aspx?direct=true&scope=site&db=e011xww&AN=882889
999 _c8765
_d8765